000 005090000a22001810004500
003 MACL
005 20160303131907.0
008 160303b xxu||||| |||| 00| 0 eng d
040 _aMACL
_cMACL
041 _aHindi
082 _a891.431
100 _aसआदत हसन मण्‍टो
_942390
245 _aटोबा टेकसिंह
260 _bनिधि प्रकाशन
_c1980
_aदिल्‍ली
350 _a25
650 _aPoetry
_942392
942 _cHIN
_k891.431
_2ddc
999 _c27317
_d27317